| 000 | 01833nam a2200313 i 4500 | ||
|---|---|---|---|
| 001 | 768714001 | ||
| 003 | CO-MdFUSB | ||
| 005 | 20210921155904.0 | ||
| 007 | ta | ||
| 008 | 200619t1982 it abc|| |||| 00| 0 eng d | ||
| 020 | _a0867604190 | ||
| 040 |
_aCO-MdFUSB _bspa _cCO-MdFUSB _dCO-MdFUSBC _erda |
||
| 041 | _aeng | ||
| 082 |
_223 _a230 _bL763 |
||
| 245 | 4 |
_aThe Lion handbook of Christian belief. _c/ Lion Publishing, |
|
| 264 | 1 |
_aItalia : _bLion Publishing, _c[1982] |
|
| 264 | 4 | _c© 1982 | |
| 300 |
_a480 páginas _bilustraciones, mapas a color _c; 23 cm |
||
| 336 |
_2rdacontent _atexto _btxt |
||
| 337 |
_2rdamedia _asin mediación _bn |
||
| 338 |
_2rdacarrier _avolumen _bnc |
||
| 505 |
_tParte uno: ¿Cómo podemos saberlo?
_a¿Dónde empezamos? - Tradición. - Revelación y razón. - La dimensión espiritual. - Religión popular. -Todos creemos en algo. - Cristianismo en contexto. - Cristianismo: fiel a la forma en que son las cosas. - Relacionando filosofía y teología. - Una fe centrada en las personas. |
||
| 505 |
_tParte dos: Jesucristo _a¿Quién era Jesús? - Jesús afirmó ser ... - ¿Jesús era Dios? el debate actual. - Cómo los artitas han visto a Jesús. - La comprensión de Cristo por parte de la iglesia. - Vida y enseñanza de Jesús. - Nombres y títulos de Jesús. - La Virgen María. - Jesús y el Antiguo Testamento. - Milagros. - Los pobres. - Siete cantos y siete dichos. - Cómo ven a Jesús los musulmanes. - Cómo ven los hindúes a Jesús. - Cómo ven los marxistas a Jesús. - Muerte ... y luego - ¿Cómo sabemos que Jesús resucitó? - La resurrección: ¿realidad o leyenda? - Ocho semanas que cambiaron el mundo. - La centralidad de Cristo. |
||
| 563 | _aRústico | ||
| 650 | 7 |
_9179 _aTeología doctrinal |
|
| 942 | _cBK | ||
| 945 | _aJTF-925 | ||
| 999 |
_c66172 _d66172 |
||